[Event "Hofmann Cup"]
[Site "Baden-Baden"]
[Date "1995.??.??"]
[Round "5"]
[White "Jussupow, Artur"]
[Black "Hug, Werner"]
[Result "1-0"]
[WhiteElo "2680"]
[BlackElo "2470"]

1.d4 Nf6 2.c4 d6 3.Nc3 g6 4.g3 Bg7 5.Bg2 O-O 6.Nf3 c6 7.O-O Bg4 8.h3 Bxf3
9.Bxf3 Nbd7 10.b3 e5 11.Be3 Re8 12.Qd2 a6 13.Rac1 Qe7 14.Bg2 h5 15.Rfd1 Nf8
16.b4 Rad8 17.d5 Qc7 18.dxc6 bxc6 19.b5 axb5 20.cxb5 c5 21.Nd5 Nxd5 22.Bxd5 Ne6
23.a4 h4 24.g4 Nf4 25.Bxf4 exf4 26.Qxf4 Rxe2 27.b6 Qxb6 28.Rb1 Rb2 29.Bxf7+ Kh7
30.Bxg6+ Kh8 31.Qg5 Rb8 32.Bf7 d5 33.Rxb2 Bxb2 34.Rxd5 Qf6 35.Qh5+ Kg7 36.Rg5+  1-0

[Event "Hofmann Cup"]
[Site "Baden-Baden"]
[Date "1995.??.??"]
[Round "7"]
[White "Jussupow, Artur"]
[Black "Schlosser, Philipp"]
[Result "1/2-1/2"]
[WhiteElo "2680"]
[BlackElo "2500"]

1.d4 Nf6 2.c4 e6 3.Nc3 Bb4 4.e3 O-O 5.Bd3 d5 6.Nf3 c5 7.O-O dxc4 8.Bxc4 Nbd7
9.Bd2 cxd4 10.Nxd4 a6 11.Qe2 Bd6 12.a4 Ne5 13.Ba2 Bd7 14.Rad1 Rc8 15.e4 Ng6
16.g3 Qb6 17.Bg5 Be5 18.Be3 Qa5 19.f4 Bxd4 20.Rxd4 e5 21.fxe5 Bg4 22.Qg2 Nxe5
23.Nd5 Nxd5 24.Bxd5 b5 25.axb5 Qxb5 26.h3 Qe2  1/2-1/2

[Event "Madrid"]
[Site "Madrid"]
[Date "1995.??.??"]
[Round "1"]
[White "Jussupow, Artur"]
[Black "Epishin, Vladimir"]
[Result "1/2-1/2"]
[WhiteElo "2660"]
[BlackElo "2635"]

1.d4 Nf6 2.c4 c6 3.Nc3 d5 4.cxd5 cxd5 5.Bf4 Nc6 6.e3 a6 7.Bd3 Bg4 8.Nge2 e6
9.O-O Be7 10.a3 Bh5 11.b4 O-O 12.Rc1 b5 13.Nxb5 axb5 14.Rxc6 Rxa3 15.Qc2 Bxb4
16.Rb1 Rxd3 17.Qxd3 Bg6 18.Qxb5 Bxb1 19.Qxb4 Bd3 20.Ng3 Qa8 21.Qc3 Bc4 22.Rb6  1/2-1/2

[Event "Madrid"]
[Site "Madrid"]
[Date "1995.??.??"]
[Round "3"]
[White "Jussupow, Artur"]
[Black "Kortschnoj, Viktor"]
[Result "1/2-1/2"]
[WhiteElo "2660"]
[BlackElo "2635"]

1.d4 Nf6 2.c4 e6 3.Nc3 Bb4 4.Bg5 c5 5.d5 d6 6.e3 exd5 7.cxd5 Nbd7 8.Bd3 Qa5
9.Ne2 Nxd5 10.O-O Bxc3 11.bxc3 c4 12.Bc2 O-O 13.Ng3 h6 14.Bxh6 N7f6 15.e4 gxh6
16.exd5 Qxd5 17.Ne4 Kg7 18.Qf3 Qe5 19.Nxf6 Qxf6 20.Qe4 Rg8 21.Rad1 Kf8 22.Rfe1 Bg4
23.Qd4 Qxd4 24.Rxd4 Bf3 25.g3 Rd8 26.Rxc4 Kg7 27.Rf4 Bd5 28.Bb3 Bxb3 29.axb3 Rge8
30.Rxe8 Rxe8 31.Kf1 Re5 32.Rd4 Rc5 33.c4 Rc6 34.Ke2 Rb6 35.Rd3 Kf6 36.Kd2 Ke6
37.Kc3 Ra6 38.Re3+ Kf6 39.Rf3+ Ke6 40.Re3+ Kf6 41.Rf3+ Ke6 42.g4 Ra2 43.Kd4 Rb2
44.Ke4 a5 45.Rh3 Re2+ 46.Kf3 Rb2 47.Ke4 Re2+ 48.Kd3 Rxf2 49.Rxh6+ Kd7 50.Rh5 Rf3+
51.Kc2 a4 52.bxa4 Rf4 53.Kd3 Rxg4 54.Rf5 Rh4 55.Rxf7+ Kc6 56.Rf2 Kc5 57.Rf5+ Kc6
58.Rf2 Kc5 59.Rf5+ Kc6  1/2-1/2

[Event "GER-ARM"]
[Site "Baden-Baden"]
[Date "1996.??.??"]
[Round "4"]
[White "Jussupow, Artur"]
[Black "Akopian, Vladimir"]
[Result "1/2-1/2"]
[WhiteElo "2665"]
[BlackElo "2630"]

1.d4 d5 2.c4 c6 3.Nc3 Nf6 4.e3 e6 5.b3 Nbd7 6.Bb2 Bd6 7.Nf3 O-O 8.Bd3 e5
9.cxd5 cxd5 10.dxe5 Nxe5 11.Be2 Nxf3+ 12.Bxf3 Be5 13.O-O Be6 14.Qd2 Rc8 15.Rfd1 Bg4
16.Rac1 Bxf3 17.gxf3 Rc6 18.Ne2 Bxb2 19.Qxb2 Qd7 20.Nd4 Rxc1 21.Rxc1 Rc8
22.Rxc8+ Qxc8 23.Qa3 a6 24.Qd6 h6 25.Kg2 Qd7 26.Qe5 Kh7 27.a4 Ne8 28.Kf1 g6
29.Ke2 Ng7 30.Qb8 Ne8 31.Kd3 Nd6 32.Ke2 Kg7 33.Kf1 Qh3+ 34.Kg1 Qd7 35.Kg2 h5
36.h3 Qe7 37.f4 Qe4+ 38.Kh2 Qe7 39.Nf3 Ne4 40.Kg2 Nd6 41.Nd4 Qe4+ 42.Kh2 Qe7
43.Kg2  1/2-1/2

[Event "Eupen op"]
[Site "Eupen"]
[Date "1996.??.??"]
[Round "?"]
[White "Morjan, J."]
[Black "Jussupow, Artur"]
[Result "0-1"]
[WhiteElo "1875"]
[BlackElo "2655"]

1.e4 c5 2.Nf3 e6 3.d4 cxd4 4.Nxd4 Nf6 5.Nc3 d6 6.Be2 Be7 7.O-O a6 8.f4 O-O
9.Be3 Nc6 10.Bf3 Qc7 11.Qe1 Nxd4 12.Bxd4 e5 13.fxe5 dxe5 14.Be3 Bc5 15.a4 Be6
16.Bxc5 Qxc5+ 17.Qf2 Rac8 18.Rad1 Qb4 19.Qg3 Qxb2  0-1

[Event "Eupen op"]
[Site "Eupen"]
[Date "1996.??.??"]
[Round "?"]
[White "Jussupow, Artur"]
[Black "Rott, Georg"]
[Result "1-0"]
[WhiteElo "2655"]
[BlackElo "2110"]

1.d4 d5 2.c4 e6 3.Nc3 Be7 4.Nf3 Nf6 5.Bg5 O-O 6.Rc1 c6 7.e3 Nbd7 8.a3 dxc4
9.Bxc4 b6 10.O-O Bb7 11.Qe2 c5 12.Rfd1 cxd4 13.Nxd4 Nd5 14.Bf4 Bf6 15.Bd6 Be7
16.Bxd5 Bxd5 17.Bc7 Qe8 18.Ndb5 Nf6 19.Be5 Bb7 20.Nc7 Qc6 21.N3d5 Bc5 22.Nxf6+ Kh8
23.Qg4 Rad8 24.Nh5  1-0

[Event "Yerevan ol (Men)"]
[Site "Yerevan"]
[Date "1996.??.??"]
[Round "5"]
[White "Ftacnik, Lubomir"]
[Black "Jussupow, Artur"]
[Result "1/2-1/2"]
[WhiteElo "2610"]
[BlackElo "2665"]

1.d4 e6 2.Nf3 f5 3.g3 Nf6 4.Bg2 c6 5.O-O d5 6.b3 Be7 7.c4 O-O 8.Ba3 Nbd7
9.Bxe7 Qxe7 10.Nbd2 b6 11.Qc2 Bb7 12.cxd5 cxd5 13.Rfc1 Rfc8 14.Qb2 a5 15.Rxc8+ Rxc8
16.Rc1 Rxc1+ 17.Qxc1 Qd6  1/2-1/2

[Event "Yerevan ol (Men)"]
[Site "Yerevan"]
[Date "1996.??.??"]
[Round "7"]
[White "Temirbaev, Serik"]
[Black "Jussupow, Artur"]
[Result "1/2-1/2"]
[WhiteElo "2480"]
[BlackElo "2665"]

1.d4 f5 2.Nc3 Nf6 3.Bg5 e6 4.e4 fxe4 5.Nxe4 Be7 6.Bxf6 Bxf6 7.Nf3 d5 8.Nxf6+ Qxf6
9.c3 O-O 10.Be2 Nc6 11.O-O a6 12.Qd2 Bd7 13.Rae1  1/2-1/2

[Event "Yerevan ol (Men)"]
[Site "Yerevan"]
[Date "1996.??.??"]
[Round "13"]
[White "Jussupow, Artur"]
[Black "Sitanggang, Salor"]
[Result "1-0"]
[WhiteElo "2665"]
[BlackElo "2410"]

1.d4 Nf6 2.Nf3 d6 3.g3 Bf5 4.Bg2 c6 5.O-O h6 6.c4 e6 7.Nc3 Nbd7 8.d5 cxd5
9.cxd5 e5 10.Nd2 Be7 11.e4 Bg4 12.f3 Bh5 13.Nc4 Rc8 14.Qe2 Qc7 15.Ne3 Bg6
16.Bd2 O-O 17.Bh3 a6 18.a4 Nh7 19.Rac1 Ng5 20.Bf5 Bxf5 21.Nxf5 Nc5 22.Nd1 Qd7
23.Rxc5 Rxc5 24.f4 exf4 25.gxf4 Nxe4 26.Qxe4 Bf6 27.Bc3 Re8 28.Qd3 Bxc3 29.Nxc3 b5
30.axb5 axb5 31.Rf2 Re1+ 32.Kg2 b4 33.Ne2 Qb7 34.Kh3 Kf8 35.Qg3 g6 36.Qh4 Qc8
37.Qxh6+ Ke8 38.Qh8+ Kd7 39.Qf6 Rxd5 40.Qxf7+ Kc6 41.Nd4+ Kb6 42.Qxd5 gxf5
43.Qb5+  1-0

[Event "Kloosters"]
[Site "Ter Apel"]
[Date "1997.03.20"]
[Round "4"]
[White "Huebner, Robert"]
[Black "Jussupow, Artur"]
[Result "1/2-1/2"]
[WhiteElo "2600"]
[BlackElo "2665"]

1.e4 e5 2.Nf3 Nf6 3.Nxe5 d6 4.Nf3 Nxe4 5.d4 d5 6.Bd3 Nc6 7.O-O Be7 8.c4 Nf6
9.Nc3 Be6 10.cxd5 Nxd5 11.a3 O-O 12.Bc2 Bf6 13.h3 Re8 14.Re1 a6 15.Be3 Nxc3
16.bxc3 Bd5 17.Bf4 Rxe1+ 18.Nxe1 Ne7 19.Nd3 Ng6 20.Bg3  1/2-1/2

[Event "Anibal op 4th"]
[Site "Linares"]
[Date "1997.??.??"]
[Round "3"]
[White "Bagaturov, Giorgi"]
[Black "Jussupow, Artur"]
[Result "1/2-1/2"]
[WhiteElo "2475"]
[BlackElo "2665"]

1.d4 e6 2.c4 f5 3.g3 Nf6 4.Bg2 Bb4+ 5.Bd2 Be7 6.Nf3 d5 7.O-O O-O 8.Qc2 c6
9.Bf4 Qe8 10.Nbd2 Qh5 11.Bxb8 Rxb8 12.Ne5 Bd6 13.f3 Bd7 14.e3 Be8 15.Qc3 Qh6
16.Rae1 Bh5 17.b4 Rbd8 18.Nb3 dxc4 19.Qxc4 Nd5 20.f4 Nb6 21.Qc3 Nd5 22.Qc4 Nb6
23.Qc3 Nd5 24.Qc4  1/2-1/2

[Event "EU-chT (Men)"]
[Site "Pula"]
[Date "1997.??.??"]
[Round "4"]
[White "Kotronias, Vasilios"]
[Black "Jussupow, Artur"]
[Result "1/2-1/2"]
[WhiteElo "2590"]
[BlackElo "2665"]

1.e4 e5 2.Nf3 Nf6 3.Nxe5 d6 4.Nf3 Nxe4 5.d4 d5 6.Bd3 Nc6 7.O-O Be7 8.c4 Nf6
9.Nc3 Be6 10.cxd5 Nxd5 11.Re1 O-O 12.a3 Bf6 13.Be4 Nce7 14.Qd3 h6 15.Bd2 c6
16.Na4 Qc8 17.Nc5 Bf5 18.Rac1 Rd8 19.Bxf5 Qxf5 20.Qxf5 Nxf5 21.Nxb7 Rdb8
22.Na5 Rxb2 23.Nxc6 Nxd4 24.Ncxd4 Bxd4 25.Nxd4 Rxd2 26.Nf3 Ra2 27.Rcd1 Nf4
28.Rd7 Rxa3 29.h4 a5 30.Ree7 Rf8 31.Ne5 Ra1+ 32.Kh2 Re1 33.Ng6 Rxe7 34.Nxe7+ Kh7
35.Ra7 Re8 36.Nc6 Re2 37.Kg3 Nh5+ 38.Kf3 Rc2 39.Nxa5 Rc5 40.g3 f5 41.Kg2 Rc3
42.Rb7 f4 43.Rb3 Rxb3 44.Nxb3  1/2-1/2

[Event "Ubeda"]
[Site "Ubeda"]
[Date "1997.??.??"]
[Round "7"]
[White "Kortschnoj, Viktor"]
[Black "Jussupow, Artur"]
[Result "1/2-1/2"]
[WhiteElo "2635"]
[BlackElo "2665"]

1.d4 Nf6 2.c4 e6 3.Nc3 Bb4 4.e3 c5 5.Bd3 Nc6 6.Ne2 cxd4 7.exd4 d5 8.cxd5 Nxd5
9.O-O O-O 10.a3 Bd6 11.Ne4 Bc7 12.Bc2 Qh4 13.h3 h6 14.Qd3 Rd8 15.Nd2 Nf6
16.Nf3 Qh5 17.Bf4 Bxf4 18.Nxf4 Qa5 19.Rfe1 Qc7 20.g3 b6 21.Rac1 Bb7 22.Bb3 Rd6
23.Ne5 Nxe5 24.dxe5 Qxc1 25.Rxc1 Rxd3 26.Nxd3 Rd8 27.Ne1 Ne4 28.Rc7 Nc5  1/2-1/2

[Event "AUT-chT2O 9798"]
[Site "Austria"]
[Date "1998.03.11"]
[Round "11"]
[White "Jussupow, Artur"]
[Black "Uhlmann, Wolfgang"]
[Result "1-0"]
[WhiteElo "2640"]
[BlackElo "2485"]

1.d4 Nf6 2.c4 g6 3.Nc3 Bg7 4.Nf3 O-O 5.Bg5 d6 6.e3 Nbd7 7.Be2 e5 8.dxe5 dxe5
9.O-O h6 10.Bh4 c6 11.Qc2 Qe7 12.Nd2 Re8 13.Rad1 Nc5 14.b4 Na6 15.a3 Bf5
16.Qc1 Nc7 17.c5 g5 18.Bg3 Ncd5 19.Nc4 Nxc3 20.Qxc3 Ne4 21.Qb2 Rad8 22.Rxd8 Rxd8
23.Bxe5 Bxe5 24.Qxe5 Qxe5 25.Nxe5 Be6 26.Rd1 Rxd1+ 27.Bxd1 a5 28.bxa5 Nxc5
29.Be2 Bd5 30.f3 f6 31.Ng4 Kg7 32.e4 Be6 33.Ne3 Kf7 34.Nc2 Ke7 35.Nd4 Kd6
36.Kf2 Bc8 37.Ke3 Na4 38.Bc4 Bd7 39.g3 Nb2 40.Be2 Kc5 41.Nb3+ Kd6 42.a6 bxa6
43.Bxa6 c5 44.Na5 Kc7 45.Nc4 Na4 46.Kd2 Be6 47.Bb5 Bxc4 48.Bxc4 Nb6 49.Kc3 Nc8
50.f4 Nd6 51.Kd3 gxf4 52.gxf4 Nb7 53.e5 fxe5 54.fxe5 Na5 55.Bd5 Kd7 56.Ke4 Ke7
57.Kf5 h5 58.h4 c4 59.Ke4 Nb3 60.Bxc4 Nd2+ 61.Kd5 Nf3 62.Bd3  1-0

[Event "Chess Classics Masters"]
[Site "Frankfurt"]
[Date "1998.06.17"]
[Round "2"]
[White "Adorjan, Andras"]
[Black "Jussupow, Artur"]
[Result "1-0"]
[WhiteElo "2490"]
[BlackElo "2630"]

1.e4 e6 2.d4 d5 3.Nd2 c5 4.Ngf3 Nc6 5.exd5 exd5 6.Bb5 Bd6 7.O-O cxd4 8.Nb3 Ne7
9.Nbxd4 O-O 10.h3 Bd7 11.c3 Ng6 12.Bg5 Qc7 13.Bd3 a6 14.Nf5 Bc5 15.Be3 Bxe3
16.Nxe3 Nf4 17.Bf5 Rad8 18.Re1 g6 19.Bxd7 Rxd7 20.Qd2 h5 21.g3 d4 22.gxf4 dxe3
23.Qxe3 Re7 24.Qd2 Rd8 25.Rxe7 Nxe7 26.Qe2 Nf5 27.Ne5 Kg7 28.Rd1 f6 29.Rxd8 Qxd8
30.Qd3 Qe7 31.Nf3 Kh7 32.a4 a5 33.Qd5 Qc7 34.b4 Qxc3 35.Qxb7+ Kh6 36.Qa8 Kh7
37.bxa5 Ng7 38.a6 Qc1+ 39.Kg2 Ne6 40.Qa7+ Kh8 41.Qe3 Nxf4+ 42.Kg3 h4+ 43.Kxf4 Qc4+
44.Qd4 Qxa6 45.Ng5 Qb7 46.Qxf6+ Kg8 47.Qxg6+ Kh8 48.Qe8+ Kg7 49.a5 Qb4+ 50.Qe4 Qd2+
51.Kg4 Qxa5 52.Qe7+  1-0

[Event "Elista ol (Men)"]
[Site "Elista"]
[Date "1998.09.29"]
[Round "1"]
[White "Jussupow, Artur"]
[Black "Kelly, Bryan"]
[Result "1-0"]
[WhiteElo "2640"]
[BlackElo "2405"]

1.d4 d5 2.c4 c6 3.Nc3 Nf6 4.e3 e6 5.b3 b6 6.Bb2 Bb7 7.Bd3 Be7 8.Nf3 O-O 9.O-O Nbd7
10.Rc1 Rc8 11.Re1 c5 12.cxd5 Nxd5 13.Nxd5 Bxd5 14.Ba6 Rc7 15.e4 Ba8 16.Qc2 Nf6
17.b4 Ne8 18.dxc5 bxc5 19.b5 Rd7 20.Bc3 Nc7 21.Ne5 Rd6 22.Nc4 Rd7 23.Ne5 Rd6
24.Ba5 Qb8 25.Qxc5 Nxa6 26.bxa6 Rxa6 27.Qxe7 Qxe5 28.Bb4 Rb8 29.Rc7 Qf4 30.g3 Qf6
31.Qd7  1-0

[Event "Elista ol (Men)"]
[Site "Elista"]
[Date "1998.10.05"]
[Round "7"]
[White "Jussupow, Artur"]
[Black "Vaganian, Rafael A"]
[Result "1/2-1/2"]
[WhiteElo "2640"]
[BlackElo "2630"]

1.d4 d5 2.c4 e6 3.Nc3 Be7 4.Nf3 Nf6 5.Bg5 h6 6.Bh4 O-O 7.e3 b6 8.Bd3 Bb7
9.O-O Nbd7 10.Qe2 Ne4 11.Bg3 Ndf6 12.cxd5 exd5 13.Rac1 c5 14.dxc5 bxc5 15.Ba6 Bxa6
16.Qxa6 Qb6 17.Qe2 Qe6 18.Rfd1 Rfd8 19.Qc2  1/2-1/2

[Event "Elista ol (Men)"]
[Site "Elista"]
[Date "1998.10.07"]
[Round "9"]
[White "Peng Xiaomin"]
[Black "Jussupow, Artur"]
[Result "1/2-1/2"]
[WhiteElo "2550"]
[BlackElo "2640"]

1.e4 e6 2.d4 d5 3.e5 c5 4.c3 Nc6 5.Nf3 Bd7 6.Be2 Nge7 7.O-O Rc8 8.dxc5 Ng6
9.b4 Be7 10.Be3 Ncxe5 11.Nxe5 Nxe5 12.Nd2 O-O 13.f4 Ng6 14.Nb3 Qe8 15.Bd4 Bd8
16.Bd3 Bc7 17.f5 exf5 18.Bxf5 Bxf5 19.Rxf5 Qe4 20.Rf2 Nf4 21.Qg4 Ne6 22.Qf3 Rce8
23.Raf1 Nf4 24.Qxe4 Rxe4 25.Rd2 Ne2+ 26.Kf2 Rfe8 27.g3 Bd8 28.Kg2 g6 29.Rf3 f5
30.Bf2 Bf6 31.Nd4 Nxd4 32.Bxd4 Bxd4 33.cxd4 Re2+ 34.Rf2 Rxd2 35.Rxd2 Re3
36.b5 Kf7 37.Rc2 Ke8 38.c6 bxc6 39.bxc6 Kd8 40.Rc5 Kc7 41.a4 Re4 42.Ra5 Rxd4
43.Rxa7+ Kxc6 44.Rxh7 Rxa4 45.Rh6 Ra2+ 46.Kf3 Kc5 47.Rxg6 Rxh2 48.Rg5 Rh1
49.Ke2 Rh2+ 50.Kf3 Kc4 51.Rxf5 d4 52.Rf8 d3 53.Rd8 d2 54.g4 Kc3 55.g5 Rh1
56.Rxd2 Kxd2 57.Kf4 Kd3 58.g6 Kd4 59.Kf5 Rg1 60.Kf6 Kd5  1/2-1/2

[Event "GER-ch"]
[Site "Bremen"]
[Date "1998.11.08"]
[Round "3"]
[White "Tischbierek, Raj"]
[Black "Jussupow, Artur"]
[Result "1/2-1/2"]
[WhiteElo "2515"]
[BlackElo "2640"]

1.e4 e6 2.d4 d5 3.Nd2 c5 4.exd5 exd5 5.Ngf3 Nc6 6.Bb5 Bd6 7.dxc5 Bxc5 8.O-O Ne7
9.Nb3 Bd6 10.Re1 O-O 11.Bg5 Qc7 12.h3 Bf5 13.Nbd4 Bg6 14.Bd3 a6 15.Bxg6 hxg6
16.c3 Rfe8 17.Qd2 Na5 18.Re2 Nc4 19.Qc2 Nc6 20.Rae1 Qd7 21.Bc1  1/2-1/2

[Event "AUT-chT2O 9798"]
[Site "Austria"]
[Date "1998.??.17"]
[Round "8"]
[White "Banas, Jan"]
[Black "Jussupow, Artur"]
[Result "0-1"]
[WhiteElo "2385"]
[BlackElo "2640"]

1.c4 e5 2.Nc3 d6 3.d4 exd4 4.Qxd4 Nc6 5.Qd2 g6 6.b3 Bg7 7.Bb2 Nf6 8.g3 O-O
9.Nh3 Ne5 10.Nf4 Bd7 11.Bg2 Bc6 12.Nfd5 Re8 13.O-O a6 14.Nxf6+ Qxf6 15.Nd5 Bxd5
16.Qxd5 c6 17.Qd4 Nd7 18.Qxf6 Bxf6 19.Bxf6 Nxf6 20.e3 a5 21.Rad1 Red8 22.Rd2 Kf8
23.Rfd1 Ke7 24.Kf1 Ne8 25.Ke2 Nc7 26.h4 Na6 27.Kd3 a4 28.Kc3 axb3 29.axb3 Nc5
30.Kb2 Ra6 31.b4 Ne6 32.Ra1 Rda8 33.Rxa6 Rxa6 34.Rd1 Nc7 35.Kb3 b5 36.cxb5 Nxb5
37.Bf1 Ra3+ 38.Kb2 Ra2+ 39.Kxa2 Nc3+ 40.Kb3 Nxd1 41.Bg2 Kd7 42.Bf3 Nxf2 43.Kc4 d5+
44.Kd4 Kd6 45.g4 h6 46.Be2 Ne4 47.Bf3 Ng3 48.Kd3 Ke5 49.Bd1 Ne4 50.Ba4 Kd6
51.Kd4 Nf2 52.Bb3 Nxg4 53.e4 dxe4 54.Bxf7 Ne5 55.Bb3 Nf3+ 56.Ke3 Ke5 57.Bc2 Nxh4
58.Bxe4 Nf5+ 59.Kd3 Ne7 60.Bf3 g5 61.Kc4 Kf4 62.Bh1 g4 63.Kc5 g3  0-1

[Event "CERA Bank op"]
[Site "NED"]
[Date "1998.??.??"]
[Round "?"]
[White "Uhoda, Philippe"]
[Black "Jussupow, Artur"]
[Result "0-1"]
[WhiteElo "2140"]
[BlackElo "2630"]

1.d4 Nf6 2.c4 e6 3.Nc3 Bb4 4.g3 O-O 5.Bg2 d5 6.Nf3 dxc4 7.O-O Nc6 8.e3 Nd5
9.Qc2 Be7 10.Rd1 Ndb4 11.Qe2 Nd3 12.Nd2 e5 13.Nxc4 Nxc1 14.Raxc1 exd4 15.Bxc6 bxc6
16.Rxd4 Qe8 17.Qh5 Be6 18.Ne4 f5 19.Qxe8 Rfxe8 20.Ned2 Bf6 21.Rd3 Bd5 22.b3 Re6
23.f3 Rae8 24.e4 fxe4 25.fxe4 Bxe4 26.Nxe4 Rxe4 27.Rd7 Re2 28.Rxc7 h5 29.Nd6 R8e6
30.R1xc6 Rd2 31.Kf1 Bd4 32.Rc8+ Kh7 33.Rf8 Rd1+ 34.Kg2 Re2+ 35.Kh3 Bg1 36.Kh4 Rxh2+
37.Kg5 Be3+  0-1

[Event "CERA Bank op"]
[Site "NED"]
[Date "1998.??.??"]
[Round "?"]
[White "Zelcic, Robert"]
[Black "Jussupow, Artur"]
[Result "1-0"]
[WhiteElo "2540"]
[BlackElo "2630"]

1.e4 e6 2.d4 d5 3.Nc3 Bb4 4.Ne2 dxe4 5.a3 Be7 6.Nxe4 Nc6 7.g3 Nf6 8.Bg2 O-O
9.O-O a5 10.c4 Nxe4 11.Bxe4 Bf6 12.Be3 Re8 13.Qc2 g6 14.Rfd1 Qe7 15.Bg2 Rd8
16.Rac1 a4 17.h3 Bd7 18.Re1 Na5 19.Rcd1 Ra6 20.Bd2 c5 21.Nf4 Bxd4 22.Nd5 Qf8
23.Nc7 Ra7 24.Bg5 Rc8 25.Nb5 Bxb5 26.cxb5 Nb3 27.b6 Ra6 28.Bxb7 Rxb6 29.Bxc8 Qxc8
30.Qc4 Qa8 31.Rd3 e5 32.Rxe5 h6 33.Re7 Qf8 34.Rf3  1-0

[Event "CERA Bank op"]
[Site "NED"]
[Date "1998.??.??"]
[Round "?"]
[White "Jussupow, Artur"]
[Black "Becker, Dieter"]
[Result "1-0"]
[WhiteElo "2630"]
[BlackElo "2070"]

1.d4 Nf6 2.Nf3 g6 3.c4 Bg7 4.Nc3 O-O 5.Bg5 h6 6.Bh4 d6 7.e3 c6 8.Be2 Bf5
9.Nd2 g5 10.Bg3 Nbd7 11.h4 e5 12.hxg5 hxg5 13.dxe5 Nxe5 14.Nf3 Ne4 15.Bxe5 Bxe5
16.Nxe4 Bxe4 17.Bd3 Bg6 18.Bxg6 fxg6 19.Qc2 Qf6 20.Nxe5 dxe5 21.O-O-O Rad8
22.f3 Kg7 23.Qc3 Rfe8 24.Qa5 Rxd1+ 25.Rxd1 Qf7 26.Kb1 b6 27.Qa4 Qc7 28.Qa3 Re7
29.Qd3 c5 30.Qe4 Kf6 31.Qd5 Re8 32.Kc2 Ke7 33.Qe4 Kf6 34.g4 a6 35.f4 Re7
36.f5 Rd7 37.Rxd7 Qxd7 38.fxg6 Qa4+ 39.Kc1 Qxa2 40.Qf5+ Ke7 41.Qxe5+ Kd7
42.Qd5+ Kc7 43.g7 Qa1+ 44.Kc2  1-0

[Event "CERA Bank op"]
[Site "NED"]
[Date "1998.??.??"]
[Round "?"]
[White "Borst, Johan"]
[Black "Jussupow, Artur"]
[Result "0-1"]
[WhiteElo "2275"]
[BlackElo "2630"]

1.d4 Nf6 2.Nc3 d5 3.Bg5 Nbd7 4.Nf3 h6 5.Bh4 c6 6.e3 g5 7.Bg3 Nh5 8.e4 dxe4
9.Nxe4 Bg7 10.c3 f5 11.Ned2 f4 12.h4 fxg3 13.hxg5 gxf2+ 14.Kxf2 hxg5 15.Nxg5 Ndf6
16.Qc2 Qd5 17.Qg6+ Kf8 18.Bc4 Rh6 19.Qf7+ Qxf7 20.Nxf7 Rg6 21.Ne5 Ng4+ 22.Kg1 Nxe5
23.Rf1+ Rf6 24.Rxf6+ Nxf6 25.dxe5 Nd5 26.Rh5 Be6 27.Ne4 Nf4 28.Rh4 Bxc4 29.Rxf4+ Kg8
30.Nc5 b5 31.b3 Bf7 32.e6 Bg6  0-1

[Event "Bundesliga 9900"]
[Site "Germany"]
[Date "1999.10.09"]
[Round "1"]
[White "Jussupow, Artur"]
[Black "Schlosser, Philipp"]
[Result "1/2-1/2"]
[WhiteElo "2636"]
[BlackElo "2512"]

1.d4 Nf6 2.c4 e6 3.Nc3 Bb4 4.Bg5 c5 5.d5 h6 6.Bh4 exd5 7.cxd5 d6 8.e3 Nbd7
9.Bd3 O-O 10.Ne2 a6 11.O-O Re8 12.a4 Ne5 13.Bc2 Ng6 14.Bxg6 fxg6 15.Qd3 Bf5
16.Qc4 g5 17.Bg3 h5 18.h3 Qd7 19.h4 Ne4 20.hxg5 Nd2 21.Qh4 Nxf1 22.Rxf1 Bd3
23.Qxh5 Bxc3 24.Nxc3 g6 25.Qh4 Bxf1 26.Kxf1 b5 27.Ne4 Rxe4 28.Qxe4 Qf5 29.Qxf5 gxf5
30.Bxd6 Rd8 31.Bxc5 Rxd5 32.Bd4 bxa4 33.Ke2 Kf7 34.f4 Ra5  1/2-1/2

[Event "GRE-GER m"]
[Site "Corfu"]
[Date "1999.10.14"]
[Round "3"]
[White "Jussupow, Artur"]
[Black "Nikolaidis, Ioannis"]
[Result "1-0"]
[WhiteElo "2636"]
[BlackElo "2505"]

1.d4 g6 2.c4 Bg7 3.Nc3 c5 4.d5 Bxc3+ 5.bxc3 f5 6.h4 Qa5 7.h5 d6 8.Qb3 gxh5
9.Nh3 Nf6 10.Nf4 Nbd7 11.Nxh5 Nxh5 12.Rxh5 Nf6 13.Rh4 Bd7 14.f3 O-O-O 15.Bg5 Rdg8
16.Bxf6 exf6 17.Rb1 Qc7 18.Qc2 Kb8 19.Rc1 Qd8 20.Kf2 Qe7 21.Qd2 Qe5 22.Qf4 Rg7
23.e3 Kc7 24.Bd3 Rhg8 25.Rh2 Re8 26.Qxe5 fxe5 27.Rch1 Ree7 28.f4 exf4 29.exf4 a6
30.Rh6 Ref7 31.Kf3 b5 32.a3 bxc4 33.Bxc4 Bb5 34.Bxb5 axb5 35.R1h5 c4 36.Rg5 Rxg5
37.fxg5 Kb6 38.Rxd6+ Kc5 39.Ra6 Kxd5 40.Ra5 Kc6 41.a4 bxa4 42.Rxa4 Kb5 43.Rb4+ Kc5
44.Kf4 Rd7 45.g3 Rd1 46.Kxf5 Rd3 47.Kg4 Rxc3 48.Rb7 Kd6 49.Rxh7 Ke6 50.Rc7 Rd3
51.g6  1-0

[Event "GRE-GER m"]
[Site "Corfu"]
[Date "1999.10.16"]
[Round "5"]
[White "Jussupow, Artur"]
[Black "Mastrovasilis, Dimitrios"]
[Result "1-0"]
[WhiteElo "2636"]
[BlackElo "2384"]

1.d4 d5 2.c4 c6 3.Nc3 e6 4.e3 Nf6 5.b3 Nbd7 6.Bb2 Bd6 7.Nf3 O-O 8.Bd3 e5
9.cxd5 cxd5 10.dxe5 Nxe5 11.Be2 Be6 12.O-O Rc8 13.Nb5 Nxf3+ 14.Bxf3 Bb8 15.Qd4 a6
16.Nc3 Qd6 17.g3 Qe5 18.Ne2 Qxd4 19.Nxd4 Bd6 20.Rfd1 Rfd8 21.Bg2 Kf8 22.Rd3 Bc5
23.Rad1 Bxd4 24.Bxd4 Ke7 25.Bxf6+ Kxf6 26.Bxd5 Rxd5 27.Rxd5 Bxd5 28.Rxd5 Rc2
29.a4 Rc6 30.Rd4 h5 31.Rb4 b6 32.Kg2 g6 33.h3 Ke5 34.Kf3 Kd5 35.e4+ Ke5 36.Ke3 Rc3+
37.Kd2 Rc6 38.f4+ Ke6 39.Rc4 Rd6+ 40.Ke3 Ke7 41.Rc7+ Kf8 42.e5 Rd1 43.Rc6 b5
44.axb5 axb5 45.Rc5 h4 46.gxh4 Rh1 47.Rxb5 Rxh3+ 48.Kf2 Rxh4 49.Kg3 Rh1 50.Rb7 Re1
51.Kh4 Kg7 52.b4 Rh1+ 53.Kg3 Re1 54.Kf2 Re4 55.Kf3 Re1 56.b5 g5 57.Rc7 gxf4
58.Kxf4 Rb1 59.Rb7 Kg6 60.Ke4 Rd1 61.Rb6+ Kg7 62.Rd6 Re1+ 63.Kd5 Rd1+ 64.Kc6 Rc1+
65.Kd7 Rc5 66.b6 Rxe5 67.Rc6 Rb5 68.Kc7  1-0

[Event "SWZ-chT"]
[Site "SWZ"]
[Date "1999.??.??"]
[Round "1"]
[White "Sokolov, Andrei"]
[Black "Jussupow, Artur"]
[Result "1/2-1/2"]
[WhiteElo "2567"]
[BlackElo "2641"]

1.e4 e5 2.Nf3 Nf6 3.Nxe5 d6 4.Nf3 Nxe4 5.d4 d5 6.Bd3 Nc6 7.O-O Be7 8.c4 Nf6
9.Nc3 Be6 10.b3 dxc4 11.Bxc4 Nd5 12.Ne4 O-O 13.Nc5 Bc8 14.Re1 b6 15.Nd3 Bb7
16.Bd2 Bf6  1/2-1/2

[Event "SWZ-chT"]
[Site "SWZ"]
[Date "1999.??.??"]
[Round "2"]
[White "Jussupow, Artur"]
[Black "Gerber, Richard"]
[Result "0-1"]
[WhiteElo "2641"]
[BlackElo "2353"]

1.d4 e6 2.Nf3 f5 3.g3 Nf6 4.Bg2 Be7 5.c4 O-O 6.O-O Ne4 7.Nfd2 d5 8.Nxe4 dxe4
9.Nc3 Nc6 10.Be3 Bf6 11.d5 Na5 12.Qa4 b6 13.f3 Bd7 14.Qb4 c5 15.dxc6 Nxc6
16.Qd6 Na5 17.Qb4 Rc8 18.c5 Nc6 19.Qc4 b5 20.Qb3 Na5 21.Qc2 Nc4 22.Bc1 exf3
23.exf3 Qc7 24.Qf2 Rfd8 25.a3 Be8 26.Kh1 Qxc5 27.Qe2 Qe5 28.Qf2 Qc7 29.Qe2 Qb6
30.Re1 Rd6 31.Nd1 Qd4 32.Rb1 Nd2 33.Bxd2 Qxd2 34.Qxd2 Rxd2 35.Rxe6 Bf7 36.Re1 g6
37.Nc3 a5 38.Nxb5 Rcc2 39.Rg1 Bd5 40.Rbd1 Rxg2 41.Rxg2 Bxf3 42.Rg1 Rxb2 43.a4 Be5  0-1

[Event "SWZ-chT"]
[Site "SWZ"]
[Date "1999.??.??"]
[Round "3"]
[White "Jussupow, Artur"]
[Black "Landenbergue, Claude"]
[Result "1-0"]
[WhiteElo "2641"]
[BlackElo "2420"]

1.d4 Nf6 2.c4 g6 3.Nc3 Bg7 4.e4 d6 5.f3 O-O 6.Bg5 c5 7.d5 e6 8.Nge2 exd5
9.cxd5 a6 10.a4 Nbd7 11.Ng3 h6 12.Be3 Ne5 13.Be2 Bd7 14.Qd2 h5 15.O-O b5
16.axb5 axb5 17.Nxb5 Bxb5 18.Bxb5 Qb6 19.Be2 Rxa1 20.Rxa1 Rb8 21.Ra6 Qxb2
22.Nf1 Rb6 23.h3 Qb3 24.Qa5 Rxa6 25.Qxa6 Qb8 26.Nd2 Kh7 27.f4 Ned7 28.Bd3 h4
29.Nc4 Ne8 30.Qa2 Kg8 31.Qb1 Qa7 32.e5 dxe5 33.f5 gxf5 34.Bxf5 Nef6 35.d6 Qa4
36.Nb6 Nxb6 37.Qxb6 Qd1+ 38.Kf2 Bf8 39.d7 Be7 40.Qb8+ Kg7 41.Qxe5  1-0

[Event "SWZ-chT"]
[Site "SWZ"]
[Date "1999.??.??"]
[Round "5"]
[White "Cvitan, Ognjen"]
[Black "Jussupow, Artur"]
[Result "1/2-1/2"]
[WhiteElo "2521"]
[BlackElo "2641"]

1.d4 Nf6 2.Nf3 e6 3.c4 d5 4.Nc3 Nbd7 5.Bg5 c6 6.e3 Qa5 7.Nd2 dxc4 8.Bxf6 Nxf6
9.Nxc4 Qc7 10.a3 Be7 11.Be2 O-O 12.b4 Rd8 13.Qb3 Bd7 14.O-O Be8 15.Rfc1 b6
16.Bf3 Rab8 17.Rab1 a6 18.Ne4 Nxe4 19.Bxe4 c5 20.Ne5 Qd6 21.Nc4 Qc7 22.Ne5 Qd6  1/2-1/2

[Event "ch-FRA Top 16 Poule Haute"]
[Site "Port Barcares FRA"]
[Date "2005.05.05"]
[Round "9"]
[White "Jussupow,Ar"]
[Black "Sokolov,And1"]
[Result "1/2-1/2"]
[WhiteElo "2601"]
[BlackElo "2598"]

1.d4 Nf6 2.Nf3 e6 3.e3 d5 4.Bd3 Bd6 5.b3 b6 6.O-O O-O 7.Nbd2 Ba6 8.c4 Nbd7
9.e4 dxc4 10.Nxc4 Bxc4 11.bxc4 e5 12.d5 Nc5 13.Re1 Nxd3 14.Qxd3 Nd7 15.Be3 Qe7
16.Nd2 Nc5 17.Qc2  1/2-1/2